000 00434nam a2200169 a 4500
001 0000-8772
003 ELIB.Books
008 110520 1997
035 _a(ELIB.Books)0000-8918
082 _a221
_bBru
100 _aBrueggemann, Walter
245 _aTheology of the Old Testament
260 _bMinneapolis: Fortress Press
_c1997
650 _aOld Testament
942 _2ddc
_cBK
998 _cbat
_e2011-05-20
999 _c8772
_d8772